000 00556nam a22001937a 4500
005 20240924121625.0
008 240924b |||||||| |||| 00| 0 eng d
020 _a0409004715
022 _a0409004480
041 _aEnglish
082 _a349 JOU
100 _lEnglish
245 _aThe Law of South Africa /
_cWA Joubert and JA Faris
250 _aFirst Reissue
260 _aDurban:
_bButterworth and Publishers,
_c1997
300 _bviii, 363 pages;
_c26 cm.
650 _aLegal practice
_bLaw
942 _cBK
_6ALISON_BN_VRIES
999 _c3108
_d3108